00375nam a2200145Ia 4500008004100000020001500041041000800056082001500064100002100079245007100100250000600171260003200177300001100209650000900220210716s2004 xx 000 0 und d a8176496782 aeng a158.4 MADR aMddux, Robert B. aTeam building: an exercise in leadership.bExercise in leadership. a3 aNew DelhibViva Booksc2004 aiii,77 aNone